| 000 | 01295nam a2200169Ia 4500 | ||
|---|---|---|---|
| 008 | 151202s9999||||xx |||||||||||||| ||und|| | ||
| 082 | _bPNVM-86404 | ||
| 100 | _aबन्सल रश्मी/अनु-काणे सुनीति | ||
| 245 | _aस्वप्नांचे इंद्रधनू-भक्कम उद्योगांची उभारणी करणार्या 25 स्त्री उद्योजिकांच्या कहाण्या | ||
| 260 | _bमेहता पब्लिशींग हाऊस पुणे | ||
| 260 | _c384 | ||
| 600 | _aबन्सल रश्मी/अनु-काणे सुनीति | ||
| 630 | _aस्वप्नांचे इंद्रधनू-भक्कम उद्योगांची उभारणी करणार्या 25 स्त्री उद्योजिकांच्या कहाण्या | ||
| 700 | _aबन्सल रश्मी/अनु-काणे सुनीति | ||
| 730 | _aस्वप्नांचे इंद्रधनू-भक्कम उद्योगांची उभारणी करणार्या 25 स्त्री उद्योजिकांच्या कहाण्या | ||
| 942 | _cBOOK | ||
| 999 |
_c1350450 _d1350447 |
||